Cantar de Mío Cid /

Guardado en:
Autor Principal: Anónimo.
Otros Autores: Rull, Enrique; ed.
Formato: Libro
Idioma:Undetermined
Publicado: Madrid : Orbis, 1984.
Series:Historia Universal de la Literatura ; 49
Materias:
Etiquetas: Agregar Etiqueta
Sin Etiquetas, Sea el primero en etiquetar este registro!
LEADER 00624nam a22001935a 4500
001 CEM.cems024426
008 241217s1984####sp############000#0#und#d
005 20241217162721.0
245 1 0 |a Cantar de Mío Cid /  |c Anónimo ; edición de Enrique Rull. 
260 |a Madrid :  |b Orbis,  |c 1984. 
300 |a 230 p. 
490 1 |a Historia Universal de la Literatura ;  |v 49 
500 |a Incluye texto original y versión moderna. 
020 |a 8449969492 
100 1 |a Anónimo. 
700 1 |a Rull, Enrique; ed. 
653 |a Literatura española 
653 |a Poesía épica 
859 |a CEMS  |b BIB. CEMS - 11 de abril  |h 861.1  |i P752-10  |p 29697.24  |t Ej.1